000 00946nas a2200301 4500
001 BR0205822
003 BR-BrBNA
005 20231205103419.0
007 ta
008 230509b bl.|||p| |||| 00| 00por d
040 _aBR-BrBNA
_bpor
_cBiblioteca Nacional de Agricultura
041 _a(Pt)
072 _aC30; F06; E16
100 1 _aMarques, P.A.A.
100 1 _aMarques, T.A.
245 1 _aPrograma Pupunha: software para avaliação econômica da irrigação da pupunha
650 _aPUPUNHA
650 _aPALMITO
650 _aPROGRAMA DE COMPUTADOR
650 _aIRRIGAÇÃO
650 _aCUSTO DE PRODUÇÃO
650 _aPRODUÇÃO VEGETAL
650 _aANÁLISE ECONÔMICA
650 _aMODELO MATEMÁTICO
773 0 _tRevista Brasileira de Engenharia Agrícola e Ambiental (Brazil)
_xISSN 1415-4366
_g(May-Aug 2002), v. 6(2) p. 379-384
_wBR0205822
909 _a202311
_bLúcia
_c55
_dLúcia Elande
942 _2AGRIS
_n0
_cANA
999 _c172731
_d172731